LEADER 00736nam0-2200265 --450 001 9910844696103321 005 20240418112243.0 100 $a20240418d1990----kmuy0itay5050 ba 101 0 $aeng 102 $aUS 105 $aa 001yy 200 1 $a1990 Medical and health annual 210 $aChicago$cEncyclopedia Britannica, Inc.$d1990 215 $a510 p.$cill.$d29 cm 610 0 $aMedicina$aEnciclopedie e dizionari 610 0 $aMdicina$aAnnuari 676 $a610.3$v20$zita 676 $a610.5$v20$zita 801 0$aIT$bUNINA$gREICAT$2UNIMARC 901 $aBK 912 $a9910844696103321 952 $aA MIC 664$b3985/2024$fFAGBC 959 $aFAGBC 996 $a1990 Medical and health annual$94152303 997 $aUNINA LEADER 04148nam0 2200601 i 450 001 VIA0080123 005 20251003044440.0 010 $a8815073388 010 $a9788815073389 020 $aIT$b2000-12611 100 $a20000127d1999 ||||0itac50 ba 101 | $aita 102 $ait 181 1$6z01$ai $bxxxe 182 1$6z01$an 183 1$6z01$anc$2RDAcarrier 200 1 $aDalla rivoluzione industriale all'integrazione europea$ebreve storia economica dell'Europa contemporanea$fVera Zamagni 210 $aBologna$cIl mulino$d©1999 215 $a251 p.$cill.$d21 cm. 225 | $aUniversale paperbacks Il mulino$v367 330 $aIn questo rapido profilo, Vera Zamagni illustra nei suoi snodi essenziali l'evoluzione economica europea dal Settecento a oggi. L'autrice esamina i modelli concettuali dello sviluppo e ne coglie le componenti tecnologiche, istituzionali e sociali. << così ripercorso il consolidarsi nell'Ottocento delle economie francese e tedesca, asburgica, russa, italiana e spagnola, mentre viene sottolineata l'ascesa dei principali concorrenti dell'Europa, cioè Stati Uniti e Giappone. La prima affermazione dell'economia internazionale, la Grande guerra, la nascita dell'Urss, le crisi degli anni venti e trenta, la ricostruzione postbellica degli anni cinquanta e la nascita di uno spazio economico propriamente europeo sono la cornice entro la quale il volume inserisce una lettura storica dei problemi micro- e macro-economici, mostrando l'interazione delle diverse componenti finanziarie, politiche e industriali. 410 0$1001CFI0000033$12001 $aUniversale paperbacks Il mulino$v367 606 $aEuropa$xEconomia$xSec. 19.-20.$2FIR$3CFIC111028$9I 676 $a320.94$9SITUAZIONI E CONDIZIONI POLITICHE. Europa$v21 676 $a330.09$9$v21 676 $a330.94$9SITUAZIONI E CONDIZIONI ECONOMICHE. EUROPA$v12 676 $a330.94$9Economia. Europa$v20 676 $a330.94$9SITUAZIONI E CONDIZIONI ECONOMICHE. EUROPA EUROPA OCCIDENTALE$v21 676 $a330.94$9Economia. Situazioni e condizioni economiche. Europa$v22 676 $a330.94028$9SITUAZIONI E CONDIZIONI ECONOMICHE. EUROPA. EUROPA OCCIDENTALE. 19. SECOLO, 1815-1914$v19 686 $aHC 240$c$2C 686 $aSe.i.0$cStoria dell'economia italiana. Opere generali$2F 686 $aX30.0$cSTORIA ECONOMICO-SOCIALE$2R 696 $aEconomia reale$aAttività economiche$aAspetti economici 699 $aEconomia$yEconomia reale 699 $aEconomia$zAttività economiche 699 $aEconomia$zAspetti economici 700 1$aZamagni$b, Vera$3CFIV080053$4070$0249952 790 1$aNegri Zamagni$b, Vera$3CFIV080054$zZamagni, Vera 790 1$aNegri$b, Vera$3UBOV085660$zZamagni, Vera 790 1$aNegri Zamagni$b, Vera$3CFIV080054$zZamagni, Vera 790 1$aNegri$b, Vera$3UBOV085660$zZamagni, Vera 801 3$aIT$bIT-000000$c20000127 850 $aIT-BN0095 $aIT-SA0112 $aIT-AV0007 $aIT-NA0079 901 $bNAP BN$cMAGAZZINO $nmagazzini correnti divisi per anni 901 $bNAP 84$cBIBLIOTECA$n$ 901 $bNAP AV$cSEZ. M $nSezione Moderna 901 $bNAP 01$cPOZZO LIB.$nVi sono collocati fondi di economia, periodici di ingegneria e scienze, periodici di economia e statistica e altri fondi comprendenti documenti di economia pervenuti in dono. 912 $aVIA0080123 950 0$aBiblioteca Centralizzata di Ateneo$c1 v. in tre copie$d 01POZZO LIB.ECON MON 8013$e 01AR 0700308405E VMA 1 v. (Precedente collocazione: (AR) 30 EC 840)$fB $h20140801$i20140801$c1 v. in tre copie$d 01POZZO LIB.ECON MON 8013$e 01AR 0700312785E VMA (bis 1 v. (2. copia. - Precedente collocazione: EC (AR) 31 278)$fB $h20140916$i20140916$c1 v. in tre copie$d 01POZZO LIB.ECON MON 8013$e 01AR 0700312795E VMA (ter 1 v. (3. copia. - Precedente collocazione: EC (AR) 31 279)$fB $h20140916$i20140916 977 $a 01$a 84$a AV$a BN 996 $aDalla rivoluzione industriale all'integrazione europea$970022 997 $aUNISANNIO LEADER 01626nas 2200493-a 450 001 9910396697503321 005 20260218112733.0 035 $a(CKB)110976725599926 035 $a(CONSER)gs-12000004- 035 $a(DE-599)ZDB2434377-8 035 $a(DE-599)2434377-8 035 $a(EXLCZ)99110976725599926 100 $a19851231a19459999 -a- b 101 0 $aeng 181 $ctxt$2rdacontent 182 $cc$2rdamedia 183 $acr$2rdacarrier 200 10$aJahrbuch der Geologischen Bundesanstalt 210 $aWien $cDie Anstalt$d1947- 215 $a1 online resource 300 $aTitle from cover. 300 $aSome issues lack series title: Abhandlungen der Geologischen Bundesanstalt, 0378-0864. 311 08$aPrint version: Jahrbuch der Geologischen Bundesanstalt (Vienna, Austria : 1945) 0016-7800 (DLC)gs 12000004 (OCoLC)12961101 517 1 $aJahrbuch 517 1 $aJb. Geol. B.-A 531 $aGEOLOGISCHE BUNDESANSTALT JAHRBUCH 531 $aJAHRB GEOL BUNDESANST 531 1 $aJahrb. Geol. Bundesanst. 606 $aGeology$zAustria$vPeriodicals 606 $aMineralogy$vPeriodicals 606 $aGeology$2fast$3(OCoLC)fst00940627 606 $aMineralogy$2fast$3(OCoLC)fst01022406 607 $aAustria$2fast 608 $aPeriodicals.$2fast 615 0$aGeology 615 0$aMineralogy 615 7$aGeology. 615 7$aMineralogy. 712 02$aGeologische Bundesanstalt (Austria : 1945-2022) 906 $aJOURNAL 912 $a9910396697503321 920 $aexl_impl conversion 996 $aJahrbuch der Geologischen Bundesanstalt$9793475 997 $aUNINA